Geography Quiz

Random Geography or City Quiz

Capitals without IOUs Quiz Stats

 Plays Quiz Updated Apr 7, 2014

Challenge
Share
Tweet
Embed
Score 0/36 Timer 07:00
6 Plays Today
% Correct
Canberra
75.4%
Athens
66.3%
Bern
62.9%
Ankara
61.8%
Warsaw
59.4%
Baghdad
56.3%
Havana
56.2%
Amsterdam
55.8%
Tehran
53.7%
Rabat
53.6%
Caracas
53.2%
Jakarta
50%
La Paz
46.3%
Dhaka
45.5%
Amman
45.1%
Zagreb
44.9%
Astana
44.6%
Dakar
44.4%
% Correct
Accra
42.3%
Sanaa
41.9%
Valletta
39.9%
Belgrade
38.6%
Manama
35.5%
Male
35.1%
Yerevan
34.4%
Harare
33.6%
Asmara
33%
Tashkent
32.7%
Ramallah
31.4%
Kampala
30.8%
Ashgabat
28.5%
Yaren
24.4%
Mbabane
23.7%
N'Djamena
22.4%
Tarawa
21.3%
Basseterre
19.9%

You're not logged in!

Compare scores with friends on all Sporcle quizzes.
Join for Free
OR
Log In

You Might Also Like...

Show Comments

Extras

Top Quizzes Today


Score Distribution

Your Account Isn't Verified!

In order to create a playlist on Sporcle, you need to verify the email address you used during registration. Go to your Sporcle Settings to finish the process.

Report this User

Report this user for behavior that violates our Community Guidelines.

Details: